[Event "CCLA Championship, S71089"]
[Site "CCLA"]
[Date "2017.04.29"]
[Round "?"]
[White "Belanoff, Stuart"]
[Black "Weiner, Jerry"]
[Result "1-0"]
[WhiteElo "2360"]
[BlackElo "2248"]

1. d4 Nf6 2. Nf3 e6 3. Bg5 c5 4. e3 h6 5. Bh4 Qb6 6. b3 cxd4 7. exd4 Nc6 
8. c3 g5 9. Bg3 Ne4 10. Bd3 Nxg3 11. hxg3 g4 12. Nh4 h5 13. Qe2 d5 14. O-O
Bd7 15. b4 Qc7 16. Nd2 a5 17. b5 Ne7 18. c4 Bg7 19. cxd5 Bxd4 20. Rae1 
Nxd5 21. Qe4 Bc3 22. Qxd5 Bxd2 23. Re2 Bb4 24. Qe4 Kf8 25. Rd1 Bc5 26. Bc4
Be8 27. Bxe6 fxe6 28. Qxe6 Rh7 29. Re5 Qe7 30. Qf5+ Qf7 31. Qd3 Qxf2+ 32. 
Kh2 Rd7 33. Rf5+ Kg8 34. Rg5+ Rg7 35. Rxg7+ Kxg7 36. Nf5+ Kf8 37. Rf1 Qb2 
38. Nd4+ Kg7 39. Ne6+ Kg8 40. Ng5 1-0

[Event "CCLA Championship, S71089"]
[Site "CCLA"]
[Date "2017.04.29"]
[Round "?"]
[White "Belanoff, Stuart"]
[Black "Ziemak, Ken"]
[Result "1-0"]
[WhiteElo "2360"]
[BlackElo "2303"]

1. d4 e6 2. Nf3 d5 3. c4 c6 4. Nc3 f5 5. Bf4 Nf6 6. e3 Bd6 7. Bd3 O-O 8. 
O-O Ne4 9. Rc1 Qe7 10. Qb3 Kh8 11. Ne2 Nd7 12. Bxd6 Nxd6 13. Qa3 Re8 14. 
Rfd1 Kg8 15. Qc3 Ne4 16. Qc2 g5 17. Ne5 Qg7 18. f3 Nec5 19. f4 Nxe5 20. 
dxe5 gxf4 21. exf4 Ne4 22. Bxe4 fxe4 23. Ng3 Qg4 24. Rf1 b6 25. cxd5 cxd5 
26. Qa4 Re7 27. f5 Bd7 28. Qb4 Rf7 29. Qd6 h5 30. Rc7 Rd8 31. Rxd7 Rfxd7 
32. Qxe6+ Kh7 33. Qc6 h4 34. e6 Rg7 35. f6 1-0

[Event "CCLA Championship, S71089"]
[Site "CCLA"]
[Date "2017.04.29"]
[Round "?"]
[White "Belanoff, Stuart"]
[Black "Deskin, Gary"]
[Result "1-0"]
[WhiteElo "2360"]
[BlackElo "2243"]

1. d4 d5 2. Nf3 Nf6 3. c4 c6 4. e3 Bf5 5. Nc3 e6 6. Nh4 Bg6 7. Nxg6 hxg6 
8. Bd3 Qc7 9. h3 Nbd7 10. O-O dxc4 11. Bxc4 g5 12. Be2 e5 13. d5 e4 14. 
dxc6 bxc6 15. Qc2 Qe5 16. Rd1 g4 17. Rd4 Bc5 18. Bxg4 Bxd4 19. exd4 Qxd4 
20. Be3 Qc4 21. Rd1 Nxg4 22. hxg4 O-O-O 23. Rd4 Qe6 24. Rxe4 Qg6 25. Qa4 
Nb8 26. Bf4 Qh7 27. f3 Rd7 28. Rb4 Qh1+ 29. Kf2 Qh4+ 30. Ke2 Qe7+ 31. Ne4 
Rb7 32. Rd4 Rxb2+ 33. Kd3 Rd8 34. Rxd8+ Kxd8 35. Qa5+ Ke8 36. Bd6 Rb5 37. 
Qxb5 cxb5 38. Bxe7 Kxe7 39. Kd4 a6 40. Kd5 Kd7 41. f4 b4 42. Nc5+ Kc7 43. 
Kc4 a5 44. Kb5 Nc6 45. g3 Nd4+ 46. Kxa5 Ne2 47. Kxb4 Nxg3 48. Kc4 Kd6 49. 
a4 1-0

[Event "CCLA Championship, S71089"]
[Site "CCLA"]
[Date "2017.04.29"]
[Round "?"]
[White "Belanoff, Stuart"]
[Black "Quirk, Michael"]
[Result "1-0"]
[WhiteElo "2360"]
[BlackElo "2054"]

1. d4 e6 2. Nf3 f5 3. h3 Nf6 4. g4 d5 5. gxf5 exf5 6. Rg1 Qd6 7. Nc3 Ne4 
8. Ne5 Nd7 9. Bf4 Nxe5 10. Bxe5 Qb4 11. a3 Qxb2 12. Nxd5 c6 13. Nc7+ Kd8 
14. Rg3 Nxg3 15. fxg3 Rb8 16. Kf2 h5 17. Rb1 Qxa3 18. Rb3 Qa5 19. d5 Qc5+ 
20. e3 Bd6 21. Rc3 Qxc3 22. Bxc3 Kxc7 23. Qd4 Re8 24. Bb4 Bxb4 25. Qxb4 
Rd8 26. c4 Bd7 27. d6+ Kc8 28. Qa5 b6 29. Qxa7 Rb7 30. Qa8+ Rb8 31. Qa1 
Kb7 32. Qxg7 Ra8 33. Bd3 Ra5 34. c5 bxc5 35. Bxf5 Ra2+ 36. Kf3 Ra7 37. e4 
Ka6 38. Qe7 Bxf5 39. Qxd8 Bxh3 40. Qg8 Kb5 41. Qb3+ Ka6 42. e5 Rd7 43. Qg8
1-0

[Event "CCLA Championship, S71089"]
[Site "CCLA"]
[Date "2017.04.29"]
[Round "?"]
[White "Belanoff, Stuart"]
[Black "Marconi, Ralph P."]
[Result "1-0"]
[WhiteElo "2360"]
[BlackElo "2032"]

1. d4 Nf6 2. Nf3 e6 3. Bg5 h6 4. Bxf6 Qxf6 5. e4 d6 6. Nc3 Nd7 7. Qd2 c6 
8. O-O-O e5 9. dxe5 Nxe5 10. Nxe5 Qxe5 11. f4 Qa5 12. Kb1 Be7 13. Be2 b5 
14. Bf3 b4 15. Ne2 Be6 16. Nc1 Rb8 17. g4 Rb6 18. Be2 Qc5 19. f5 Bc8 20. 
h4 a5 21. e5 Qxe5 22. Rde1 Qc3 23. Qf4 Qe5 24. Qf3 Qd5 25. Qg3 Kf8 26. Bf3
Qb5 27. Re2 c5 28. Rhe1 Bf6 29. g5 Be5 30. Rxe5 dxe5 31. Qxe5 Qd7 32. f6 
Kg8 33. fxg7 Rh7 34. Qxc5 Qd8 35. Rd1 Bd7 36. Rxd7 Qe8 37. Rxf7 Rxg7 38. 
Rxg7+ Kxg7 39. Qxb6 1-0

[Event "CCLA Championship, S71089"]
[Site "CCLA"]
[Date "2017.04.29"]
[Round "?"]
[White "Weiner, Jerry"]
[Black "Belanoff, Stuart"]
[Result "1/2-1/2"]
[WhiteElo "2248"]
[BlackElo "2360"]

1. e4 d6 2. d4 Nf6 3. Nc3 c6 4. Nf3 Bg4 5. h3 Bh5 6. Bd3 e6 7. g4 Bg6 8. 
d5 exd5 9. exd5 Be7 10. O-O O-O 11. Bf4 Re8 12. Re1 Bxd3 13. Qxd3 Na6 14. 
dxc6 Nc5 15. c7 Qxc7 16. Qc4 Bf8 17. Bg5 b5 18. Qxb5 Rab8 19. Qf1 Nfe4 20.
 Nxe4 Nxe4 21. Qd3 d5 22. Rab1 Bb4 23. c3 Bc5 24. Be3 h5 25. Qxd5 Rbd8 26.
 Qxh5 Nd2 27. Ng5 Rxe3 28. Qh7+ Kf8 29. Qh8+ Ke7 30. Qxg7 Qf4 31. fxe3 
Nf3+ 32. Kf1 Nh2+ 33. Kg2 Rd2+ 34. Kh1 Qf3+ 35. Nxf3 Nxf3 36. Qe5+ Nxe5 
37. Rf1 Nd3 38. Rf3 Nf2+ 39. Kg1 Ne4 1/2-1/2

[Event "CCLA Championship, S71089"]
[Site "CCLA"]
[Date "2017.04.29"]
[Round "?"]
[White "Deskin, Gary"]
[Black "Belanoff, Stuart"]
[Result "1/2-1/2"]
[WhiteElo "2243"]
[BlackElo "2360"]

1. d4 d6 2. Nf3 Bg4 3. c4 Bxf3 4. exf3 c6 5. Nc3 g6 6. Bd3 Bg7 7. Be3 Nf6 
8. O-O d5 9. Qb3 Qb6 10. Qc2 dxc4 11. Bxc4 Qc7 12. Qb3 e6 13. Rac1 O-O 14.
 g3 Nbd7 15. Bf4 Qb6 16. Rfd1 a5 17. Be3 Qxb3 18. Bxb3 Nb6 19. a3 a4 20. 
Ba2 Nc8 21. Ne4 Nd5 22. Kg2 h6 23. g4 Rd8 24. h4 Ra7 25. Bc4 Nd6 26. Ba2 
Nb5 1/2-1/2

[Event "CCLA Championship, S71089"]
[Site "CCLA"]
[Date "2017.04.29"]
[Round "?"]
[White "Ziemak, Ken"]
[Black "Belanoff, Stuart"]
[Result "0-1"]
[WhiteElo "2303"]
[BlackElo "2360"]

1. b4 d6 2. Bb2 e5 3. c4 Nf6 4. e3 Be7 5. Nf3 e4 6. Nd4 O-O 7. Nc3 c5 8. 
Nc2 Nc6 9. b5 Bg4 10. Qb1 Ne5 11. Na3 Bh5 12. Qc2 Qd7 13. h3 Rad8 14. Rc1 
h6 15. Nd5 Nxd5 16. cxd5 Qf5 17. Bxe5 Qxe5 18. Qc4 Bh4 19. Be2 Bxe2 20. 
Kxe2 Qh5+ 21. Ke1 Qf5 22. g3 Be7 23. Nb1 Rfe8 24. Nc3 Bf6 25. Rd1 Ra8 26. 
h4 Qf3 27. Rg1 a6 28. b6 Rac8 29. Qe2 Kf8 30. Qc4 Re5 31. Rf1 Rce8 32. Qa4
Qg4 33. Rc1 Rh5 34. Qd1 Qf3 35. a4 g6 36. Rg1 Kg7 37. Rf1 Kf8 38. Rg1 Rf5 
39. Rf1 Bxc3 40. dxc3 Qg2 41. Rc2 Ree5 42. Rd2 Rf6 43. c4 Ref5 44. Qa1 g5 
45. Re2 gxh4 46. gxh4 Rf3 47. a5 Qh3 0-1

[Event "CCLA Championship, S71089"]
[Site "CCLA"]
[Date "2017.04.29"]
[Round "?"]
[White "Quirk, Michael"]
[Black "Belanoff, Stuart"]
[Result "0-1"]
[WhiteElo "2054"]
[BlackElo "2360"]

1. c4 d6 2. d4 e5 3. Nf3 e4 4. Ng5 f5 5. Nc3 c6 6. Nh3 Be7 7. Bf4 g5 8. 
Bd2 h6 9. f3 d5 10. Nf2 Nf6 11. e3 exf3 12. Qxf3 Be6 13. Bd3 Qd7 14. b3 
O-O 15. cxd5 cxd5 16. h4 g4 17. Qf4 Rf7 18. Bb5 Nc6 19. Na4 Bd6 20. Qxh6 
g3 21. Qg6+ Rg7 22. Qxf6 gxf2+ 23. Kf1 f4 24. Nc5 Bxc5 25. dxc5 Rf8 26. 
Qh6 Qe7 27. Bc3 d4 28. Bxd4 Nxd4 29. exd4 Bd5 30. Rh2 Qe3 31. Qd6 Rf5 32. 
Qd8+ Kh7 33. Qc8 Be4 34. Qe6 f3 0-1

[Event "CCLA Championship, S71089"]
[Site "CCLA"]
[Date "2017.04.29"]
[Round "?"]
[White "Marconi, Ralph P."]
[Black "Belanoff, Stuart"]
[Result "0-1"]
[WhiteElo "2032"]
[BlackElo "2360"]

1. e4 d6 2. d4 Nf6 3. Nc3 c6 4. Be3 Qb6 5. Rb1 Ng4 6. Bg5 e5 7. Nf3 h6 8. 
Bh4 Nd7 9. h3 Ngf6 10. Be2 g5 11. Bg3 Nh5 12. Bh2 Nf4 13. O-O Bg7 14. dxe5
dxe5 15. Qd6 Qc5 16. Rfd1 Nxe2+ 17. Nxe2 Qxd6 18. Rxd6 Bf8 19. Rd2 f6 20. 
Rbd1 Be7 21. Ne1 Nc5 22. f3 h5 23. Bg3 h4 24. Bf2 Kf7 25. Nc3 Be6 26. b4 
Na6 27. a3 b6 28. Nd3 Rhd8 29. Be3 Nc7 30. a4 Na6 31. b5 cxb5 32. axb5 Nc7
33. Kf2 Ne8 34. Nb2 Rdc8 35. Nd5 Bxd5 36. exd5 Bb4 37. Re2 Nd6 38. c4 Bc3 
39. Ra1 Nxc4 40. Nxc4 Rxc4 41. Ra3 Bd4 42. Rd2 Bxe3+ 43. Kxe3 Ke7 44. Rda2
Kd6 45. Rxa7 Rxa7 46. Rxa7 Kxd5 47. Rf7 Rf4 48. Rc7 Rb4 49. Rc6 Rxb5 50. 
Rxf6 Rb3+ 51. Ke2 b5 52. Rb6 Rb2+ 53. Kd3 Kc5 54. Re6 Rxg2 55. Rxe5+ Kb4 
56. Rf5 Rg3 57. Ke2 Kc4 0-1

[Event "CCLA Championship, S71089"]
[Site "CCLA"]
[Date "2017.04.29"]
[Round "?"]
[White "Ziemak, Ken"]
[Black "Deskin, Gary"]
[Result "1/2-1/2"]
[WhiteElo "2303"]
[BlackElo "2243"]

1. b4 e5 2. Bb2 Bxb4 3. Bxe5 Nf6 4. c4 O-O 5. Nf3 Re8 6. e3 c5 7. a3 Ba5 
8. Be2 Nc6 9. Bb2 d5 10. cxd5 Nxd5 11. O-O Be6 12. Qc2 Rc8 13. Nc3 Nxc3 
14. Bxc3 Bxc3 15. dxc3 Qe7 16. Rfd1 g6 17. Bb5 Kg7 18. h3 Bf5 19. Bd3 Bxd3
20. Rxd3 Rcd8 21. Rxd8 Rxd8 22. Rd1 Rxd1+ 23. Qxd1 Qe6 24. Qd3 Ne5 25. 
Nxe5 Qxe5 26. c4 Qa1+ 27. Kh2 Qb2 28. Qe4 b6 29. Kg3 h6 30. Qe7 a6 31. a4 
Qc3 32. Qe4 h5 33. f4 Qe1+ 34. Kh2 Qc3 35. h4 Qf6 36. Kg3 Qd6 37. Qe5+ 
Qxe5 38. fxe5 Kf8 39. Kf4 Ke7 40. Kg5 Ke6 41. Kf4 Kd7 42. Kg5 Ke6 43. Kf4 
1/2-1/2

[Event "CCLA Championship, S71089"]
[Site "CCLA"]
[Date "2017.04.29"]
[Round "?"]
[White "Ziemak, Ken"]
[Black "Quirk, Michael"]
[Result "1-0"]
[WhiteElo "2303"]
[BlackElo "2054"]

1. b4 e5 2. Bb2 Bxb4 3. Bxe5 Nf6 4. c4 O-O 5. Nf3 Re8 6. e3 d5 7. a3 Ba5 
8. cxd5 Nxd5 9. Be2 Rxe5 10. Nxe5 Qf6 11. Nc4 Qxa1 12. Nxa5 Qe5 13. d4 Qg5
14. O-O b6 15. Nc4 Nd7 16. Qa4 N7f6 17. Ne5 Bb7 18. Bf3 c5 19. Nd2 a6 20. 
Ndc4 cxd4 21. exd4 Rd8 22. Qb3 b5 23. a4 b4 24. Na5 Ba8 25. Nac6 Bxc6 26. 
Nxc6 Re8 27. Ne5 Rd8 28. Qc4 a5 29. Nc6 Re8 30. Qb5 Qf5 31. Nxa5 Rc8 32. 
Nb7 Qe6 33. Nc5 Qd6 34. a5 Rb8 35. Qc4 Ra8 36. Re1 h6 37. g3 Rc8 38. a6 
Ra8 39. Re5 Nb6 40. Qxb4 Ra7 41. Nd3 Nc8 42. Qc5 Qxc5 43. Rxc5 Nd6 44. Rc6
Nfe8 45. Rb6 Kf8 46. Nb4 g6 47. Bd5 1-0

[Event "CCLA Championship, S71089"]
[Site "CCLA"]
[Date "2017.04.29"]
[Round "?"]
[White "Ziemak, Ken"]
[Black "Marconi, Ralph P."]
[Result "1-0"]
[WhiteElo "2303"]
[BlackElo "2032"]

1. b4 e5 2. Bb2 Bxb4 3. Bxe5 Nf6 4. c4 Nc6 5. Bb2 O-O 6. Nf3 d5 7. e3 Re8 
8. Be2 dxc4 9. Bxc4 Be6 10. Bxe6 Rxe6 11. O-O Qd3 12. Ne1 Qg6 13. Bxf6 
Rxf6 14. d4 Rd8 15. a3 Be7 16. Nf3 Qh5 17. Nbd2 Re6 18. Qc2 Rg6 19. Rfb1 
b6 20. Rc1 Qg4 21. g3 h5 22. h4 Rdd6 23. Qa4 Qd7 24. Kg2 Rd5 25. Rc3 Ra5 
26. Qc2 Bb4 27. axb4 Rxa1 28. b5 Nb4 29. Qb2 Ra4 30. Qb3 Nd5 31. Qxa4 Nxc3
32. Qb3 Nxb5 33. Ne5 Nxd4 34. exd4 Qe6 35. Qf3 Rh6 36. Qa8+ Kh7 37. Ndf3 
f6 38. Qxa7 Qc8 39. Nc6 Qd7 40. Nb8 Qd6 41. Qb7 Rg6 42. Qe4 Qf8 43. Nc6 f5
44. Qc2 Qa8 45. d5 Rf6 46. Ng5+ Kh8 47. Qe2 Rxc6 48. dxc6 Qxc6+ 49. Kh2 
Qd7 50. Qxh5+ Kg8 51. Qh7+ Kf8 52. Qh8+ Ke7 53. Qxg7+ 1-0

[Event "CCLA Championship, S71089"]
[Site "CCLA"]
[Date "2017.04.29"]
[Round "?"]
[White "Deskin, Gary"]
[Black "Weiner, Jerry"]
[Result "1/2-1/2"]
[WhiteElo "2243"]
[BlackElo "2248"]

1. d4 Nf6 2. c4 e6 3. Nc3 Bb4 4. e3 O-O 5. Bd3 c5 6. Nf3 d5 7. O-O Nc6 8. 
cxd5 exd5 9. dxc5 Bxc5 10. b3 Bg4 11. h3 Bh5 12. Bb2 a6 13. g4 Bg6 14. 
Bxg6 fxg6 15. Kg2 Ba7 16. g5 d4 17. gxf6 dxc3 18. Bxc3 gxf6 19. Qe2 Rf7 
20. Rfd1 Qe7 21. Rd5 Rc8 22. Rad1 Nd8 23. Qd2 Ne6 24. Nh2 Ng5 25. Rxg5 
fxg5 26. Ng4 Kf8 27. Nh6 g4 28. Bb4 gxh3+ 29. Kxh3 Bc5 30. Bxc5 Qxc5 31. 
Nxf7 Qf5+ 32. Kg3 Qxf7 33. Qd6+ Qe7 34. Rd5 Re8 35. Qf4+ Kg8 36. Qc4 Qf7 
37. a4 Kg7 38. Qd4+ 1/2-1/2

[Event "CCLA Championship, S71089"]
[Site "CCLA"]
[Date "2017.04.29"]
[Round "?"]
[White "Deskin, Gary"]
[Black "Ziemak, Ken"]
[Result "1/2-1/2"]
[WhiteElo "2243"]
[BlackElo "2303"]

1. d4 e6 2. c4 f5 3. Nf3 Nf6 4. g3 d5 5. Bg2 c6 6. O-O Bd6 7. Qc2 O-O 8. 
Nc3 Ne4 9. Be3 Nd7 10. a3 Qe7 11. Rac1 a5 12. c5 Bc7 13. Bf4 e5 14. Nxe5 
Nxe5 15. Bxe5 Bxe5 16. dxe5 Qxc5 17. Qd1 Qa7 18. e3 Re8 19. Qd4 Qxd4 20. 
exd4 Nxc3 21. Rxc3 f4 22. Bf3 fxg3 23. hxg3 g6 24. Be2 Bh3 25. Re1 h5 26. 
g4 Bxg4 27. Bxg4 hxg4 28. Rg3 Kg7 29. Rxg4 Rh8 30. Re3 Raf8 31. Rb3 Rf7 
32. Rbg3 Rh6 33. Kg2 Rf5 34. a4 Rf7 35. b3 Re7 36. f4 Rf7 37. b4 axb4 38. 
Rb3 Rh5 39. Rxb4 g5 40. a5 Kg6 41. Rb3 Kf5 42. Rxg5+ Rxg5+ 43. fxg5 Kxg5 
44. Rg3+ Kh6 45. Rf3 Rc7 46. Kf2 Rc8 47. Rf7 Ra8 48. Rxb7 Rxa5 49. Rc7 Kg5
50. Rxc6 1/2-1/2

[Event "CCLA Championship, S71089"]
[Site "CCLA"]
[Date "2017.04.29"]
[Round "?"]
[White "Deskin, Gary"]
[Black "Quirk, Michael"]
[Result "1-0"]
[WhiteElo "2243"]
[BlackElo "2054"]

1. d4 d5 2. c4 c6 3. cxd5 cxd5 4. Nc3 Nf6 5. Bf4 Nc6 6. e3 Bg4 7. Qb3 Na5 
8. Qa4+ Bd7 9. Qc2 e6 10. Bd3 Nc6 11. a3 Nh5 12. Bg3 Nxg3 13. hxg3 h6 14. 
f4 a6 15. Nf3 b5 16. Qe2 Bd6 17. Kf2 Rc8 18. g4 Na5 19. g5 Nc4 20. g3 Bc6 
21. Kg2 Be7 22. Bxc4 bxc4 23. Ne5 Bd6 24. Nxc6 Rxc6 25. e4 dxe4 26. d5 
exd5 27. Nxd5 Kf8 28. Qxe4 a5 29. Rae1 Bb8 30. Qe7+ Qxe7 31. Rxe7 Re6 32. 
Rd7 a4 33. f5 Re2+ 34. Kf3 Re5 35. g4 h5 36. Rxh5 Rxh5 37. Rd8+ Re8 38. 
Rxe8+ Kxe8 39. gxh5 Bd6 40. f6 gxf6 41. Nxf6+ Kf8 42. Ne4 Be7 43. Kf4 Kg7 
44. Kf5 Kf8 45. Nc3 Bc5 46. Nxa4 Be3 47. Nc3 Bc1 48. Nd1 c3 49. bxc3 Bxa3 
50. c4 1-0

[Event "CCLA Championship, S71089"]
[Site "CCLA"]
[Date "2017.04.29"]
[Round "?"]
[White "Deskin, Gary"]
[Black "Marconi, Ralph P."]
[Result "1-0"]
[WhiteElo "2243"]
[BlackElo "2032"]

1. d4 Nf6 2. c4 e6 3. Nc3 d5 4. Nf3 Bb4 5. e3 O-O 6. Bd3 c5 7. O-O cxd4 8.
 exd4 dxc4 9. Bxc4 b6 10. Qb3 Bxc3 11. bxc3 Bb7 12. Ba3 Re8 13. Bb5 Nbd7 
14. Be2 Qc7 15. c4 Ng4 16. g3 e5 17. d5 Nc5 18. Bxc5 Qxc5 19. Nd2 Nf6 20. 
a4 Ba6 21. Rfe1 Qa5 22. Qb2 Rad8 23. Nb3 Qb4 24. Qa3 Qd6 25. Qxd6 Rxd6 26.
 a5 b5 27. cxb5 Bb7 28. Nc5 Bxd5 29. Na4 Ra8 30. b6 Kf8 31. Reb1 Ke7 32. 
b7 Rb8 33. a6 Nd7 34. Nc3 Bc6 35. Rc1 Rd2 36. Bb5 Bf3 37. Bf1 Bd5 38. Ra5 
Bc6 39. Bg2 Rd6 40. Ne4 Bxe4 41. Bxe4 Rd4 42. Bf5 Nb6 43. Rc6 Nc4 44. Rac5
Nd6 45. Rc8 Rxc8 46. Rxc8 Rb4 47. b8=Q Rxb8 48. Rxb8 Nxf5 49. Rb7+ Ke6 50.
 Rxa7 1-0

[Event "CCLA Championship, S71089"]
[Site "CCLA"]
[Date "2017.04.29"]
[Round "?"]
[White "Quirk, Michael"]
[Black "Weiner, Jerry"]
[Result "0-1"]
[WhiteElo "2054"]
[BlackElo "2248"]

1. d4 Nf6 2. c4 e6 3. g3 c5 4. d5 exd5 5. cxd5 d6 6. Nc3 g6 7. Bg2 Bg7 8. 
Nf3 O-O 9. O-O Re8 10. Nd2 Nbd7 11. a4 a6 12. h3 Qc7 13. Nc4 Nb6 14. Na3 
Bd7 15. e4 Rab8 16. Re1 Nc8 17. Qd3 Nb6 18. a5 Na4 19. Nxa4 Bxa4 20. Bd2 
Nd7 21. Bc3 Bxc3 22. Qxc3 b5 23. axb6 Rxb6 24. Nc4 Rb4 25. Ne3 h5 26. f4 
Reb8 27. g4 h4 28. g5 Rb3 29. Qc4 R8b4 30. Qxa6 Nb6 31. Qe2 Rxb2 32. Qg4 
Nc4 33. Nf1 Qb7 34. Qxh4 Qb8 35. Rac1 Ra2 36. Bf3 Bd7 37. Be2 Na3 38. Bg4 
Bxg4 39. Qxg4 Nc2 40. Re2 Rbb2 41. Rd1 Nd4 42. Rxb2 Rxb2 43. Ra1 Nc2 44. 
Rd1 Nd4 45. Ra1 Nc2 46. Rd1 Qb3 47. Rd2 Rb1 48. Rd1 Ne3 49. Rxb1 Qxb1 50. 
Qe2 Nxf1 51. Kg2 c4 52. e5 Qd1 53. Qxd1 Ne3+ 54. Kf3 Nxd1 55. exd6 Kf8 0-1

[Event "CCLA Championship, S71089"]
[Site "CCLA"]
[Date "2017.04.29"]
[Round "?"]
[White "Quirk, Michael"]
[Black "Ziemak, Ken"]
[Result "0-1"]
[WhiteElo "2054"]
[BlackElo "2303"]

1. e4 e6 2. d4 d5 3. Nc3 Bb4 4. e5 c5 5. a3 Bxc3+ 6. bxc3 Qa5 7. Bd2 Qa4 
8. Qb1 c4 9. Ne2 f6 10. exf6 Nxf6 11. g3 Nc6 12. Bg2 O-O 13. Bf4 b6 14. 
O-O Rf7 15. Qb2 Ne7 16. Rae1 Ng6 17. Bc1 Nh5 18. Kh1 Bd7 19. Ng1 Re8 20. 
Nf3 Ref8 21. Re3 Nf6 22. Ng5 Re7 23. f4 h6 24. Nf3 Ne4 25. Rfe1 h5 26. Nd2
Nd6 27. R3e2 h4 28. Nf1 hxg3 29. hxg3 Ree8 30. Bf3 Ne7 31. Ne3 Nef5 32. 
Nxf5 Nxf5 33. Kg2 Kf7 34. Rh1 Rh8 35. Ree1 Ke7 36. Bh5 Ref8 37. Rh2 Kd8 
38. Reh1 Be8 39. Bd1 Rxh2+ 40. Rxh2 Bg6 41. Bf3 Nd6 42. Kg1 Be4 43. Be2 
Qe8 44. Bh5 g6 45. Bg4 Rh8 46. Bh3 Bf5 47. Bg2 Rxh2 48. Kxh2 Qh8+ 49. Kg1 
Qh5 50. Be3 Be4 51. Bxe4 Qd1+ 52. Kh2 dxe4 53. Qc1 Qe2+ 54. Kg1 Nf5 0-1

[Event "CCLA Championship, S71089"]
[Site "CCLA"]
[Date "2017.04.29"]
[Round "?"]
[White "Quirk, Michael"]
[Black "Deskin, Gary"]
[Result "0-1"]
[WhiteElo "2054"]
[BlackElo "2243"]

1. e4 c6 2. d4 d5 3. Nc3 dxe4 4. Nxe4 Bf5 5. Ng3 Bg6 6. h4 h6 7. Nf3 Nd7 
8. h5 Bh7 9. Bd3 Bxd3 10. Qxd3 e6 11. Bf4 Qa5+ 12. Bd2 Qc7 13. O-O-O Ngf6 
14. Ne4 Be7 15. Nxf6+ Nxf6 16. Ne5 Rd8 17. g4 c5 18. Qb5+ Nd7 19. Ba5 b6 
20. Bc3 Bf6 21. f4 O-O 22. Kb1 cxd4 23. Rxd4 Nxe5 24. fxe5 Rxd4 25. Bxd4 
Bg5 26. Rf1 Rd8 27. c3 Qb7 28. Ka1 Qe4 29. Qa6 Ra8 30. Rb1 Bd8 31. Qf1 
Qxg4 32. Qh1 Rb8 33. Rg1 Qe2 34. Re1 Qc4 35. Rd1 Bg5 36. Qf3 Qc7 37. Qf2 
Rd8 38. Rf1 Rd7 39. Qe2 Qc6 40. Qa6 f5 41. a3 f4 42. Rd1 f3 43. Rb1 Rf7 
44. Rg1 f2 45. Rf1 Bh4 46. Qe2 Qf3 47. Qc4 Qxh5 48. Qxe6 Qe2 49. Qe8+ Rf8 
50. Qe6+ Kh7 51. Qh3 Rf3 52. Qh1 Rd3 53. Rb1 Rd2 0-1

[Event "CCLA Championship, S71089"]
[Site "CCLA"]
[Date "2017.04.29"]
[Round "?"]
[White "Quirk, Michael"]
[Black "Marconi, Ralph P."]
[Result "1/2-1/2"]
[WhiteElo "2054"]
[BlackElo "2032"]

1. e4 e6 2. d4 d5 3. Nd2 Be7 4. Bd3 c5 5. dxc5 Nf6 6. Qe2 O-O 7. Ngf3 a5 
8. O-O Na6 9. e5 Nd7 10. c3 Naxc5 11. Bc2 b6 12. Re1 Ba6 13. Qe3 f6 14. 
exf6 Bxf6 15. Nb3 Qe8 16. Nxc5 Nxc5 17. Ng5 Bxg5 18. Qxg5 Bd3 19. Bd1 Bg6 
20. Be3 Nd3 21. Re2 e5 22. Bc2 Qc6 23. Rd2 e4 24. Bxd3 exd3 25. Bd4 Rf5 
26. Qg3 Rf7 27. Re1 Re8 28. Re5 Rfe7 29. Rxe7 Rxe7 30. h4 b5 31. h5 Bf5 
32. Qf4 Re1+ 33. Kh2 Qe6 34. Qg5 Qd6+ 35. f4 Qe7 36. Qxe7 Rxe7 37. Be5 Kf7
38. Kg3 g5 39. hxg6+ hxg6 40. Kf2 1/2-1/2

[Event "CCLA Championship, S71089"]
[Site "CCLA"]
[Date "2017.04.29"]
[Round "?"]
[White "Marconi, Ralph P."]
[Black "Weiner, Jerry"]
[Result "1/2-1/2"]
[WhiteElo "2032"]
[BlackElo "2248"]

1. d4 Nf6 2. c4 e6 3. Nf3 b6 4. g3 Bb7 5. Bg2 Be7 6. Nc3 Ne4 7. Qc2 Nxc3 
8. Qxc3 O-O 9. O-O c5 10. Rd1 d6 11. b3 Bf6 12. Bb2 Qe7 13. Qd2 Rd8 14. 
Rac1 a5 15. Bc3 Na6 16. Qb2 Be4 17. dxc5 Bxc3 18. Qxc3 bxc5 19. a3 h6 20. 
Nd2 Bxg2 21. Kxg2 Nb8 22. Nf3 Nc6 23. Qc2 Qb7 24. Kg1 Rab8 25. Rb1 Qc7 26.
 e3 Rb6 27. Rd3 Rdb8 28. Rbd1 Ne7 29. a4 Qb7 30. Qe2 Ng6 31. e4 Rxb3 32. 
Rxd6 Rb2 33. Rd8+ Nf8 34. Qe3 Qe7 35. Rxb8 Rxb8 36. Ne5 Qc7 37. Nd3 Nd7 
38. Qd2 e5 39. Qc2 f6 40. Ne1 Qc6 41. Nf3 Nf8 42. Nh4 g6 43. Rd5 Kg7 44. 
Qd3 h5 45. Rd6 Qxa4 46. Rxf6 Kxf6 47. Qd6+ Ne6 48. Qxb8 Qd1+ 49. Kg2 Nf4+ 
50. gxf4 Qg4+ 51. Kf1 Qd1+ 52. Kg2 Qg4+ 53. Kf1 Qd1+ 1/2-1/2

[Event "CCLA Championship, S71089"]
[Site "CCLA"]
[Date "2017.04.29"]
[Round "?"]
[White "Marconi, Ralph P."]
[Black "Ziemak, Ken"]
[Result "1/2-1/2"]
[WhiteElo "2032"]
[BlackElo "2303"]

1. Nf3 e6 2. d4 d5 3. c4 c6 4. Qc2 f5 5. Bf4 Nf6 6. e3 Bd6 7. Bxd6 Qxd6 8.
 Bd3 O-O 9. O-O Ne4 10. Ne5 Nd7 11. f3 Nef6 12. f4 c5 13. Nc3 cxd4 14. Nb5
Qb6 15. Nxd7 Bxd7 16. c5 Qd8 17. Nxd4 a5 18. Rac1 Qe7 19. Qc3 Rfc8 20. h3 
g6 21. Rf2 e5 22. fxe5 Qxe5 23. Nf3 Qe7 24. Ne5 Rc7 25. Qd4 Bc6 26. Nf3 
Re8 27. Re2 Bd7 28. b3 Rec8 29. Rec2 Re8 30. Re2 Rec8 31. Rec2 Re8 1/2-1/2

[Event "CCLA Championship, S71089"]
[Site "CCLA"]
[Date "2017.04.29"]
[Round "?"]
[White "Marconi, Ralph P."]
[Black "Deskin, Gary"]
[Result "0-1"]
[WhiteElo "2032"]
[BlackElo "2243"]

1. e4 c6 2. d4 d5 3. Nc3 dxe4 4. Nxe4 Bf5 5. Ng3 Bg6 6. Nf3 Nd7 7. h4 h6 
8. h5 Bh7 9. Bd3 Bxd3 10. Qxd3 e6 11. Bf4 Qa5+ 12. Bd2 Qc7 13. Qe2 Ngf6 
14. O-O-O O-O-O 15. Ne5 Nb6 16. Ba5 Rd5 17. b4 c5 18. dxc5 Qxe5 19. Qxe5 
Rxe5 20. cxb6 axb6 21. Bxb6 Bxb4 22. Rd3 Rb5 23. Be3 Rd5 24. Rh4 Rxd3 25. 
cxd3 Nd5 26. Bd2 Be7 27. Rg4 Bf6 28. Ne4 Be5 29. Nc3 Nxc3 30. Bxc3 Bxc3 
31. Rc4+ Kd7 32. Rxc3 Ra8 33. Rc2 Ra3 34. Rb2 Kc7 35. Rc2+ Kb8 36. Kd2 Ra5
37. g4 f5 38. f3 fxg4 39. fxg4 Ra4 40. Ke3 Rxg4 41. Rf2 Rg5 42. Rf7 Kc8 
43. a4 Rxh5 44. Rxg7 Re5+ 45. Kd4 Ra5 46. Rg6 Rxa4+ 47. Kc5 h5 48. Rxe6 
Ra5+ 49. Kc4 h4 50. Rh6 Ra1 51. d4 Rh1 52. Kd5 Kc7 53. Kc5 h3 54. Rh7+ Kb8
55. Kb6 Kc8 56. Kc5 h2 57. Kd6 b5 58. d5 b4 59. Rc7+ Kb8 60. Rc2 b3 61. 
Rb2 Kc8 62. Rf2 Kb7 63. Rb2 Ka6 64. Rxb3 Ra1 65. Rh3 h1=Q 66. Rxh1 Rxh1 
67. Kc7 Rc1+ 68. Kd7 Kb6 69. d6 Kc5 70. Ke6 Re1+ 71. Kd7 Kd5 72. Kc7 Rc1+ 
73. Kd7 Rc6 0-1

[Event "CCLA Championship, S71089"]
[Site "CCLA"]
[Date "2017.04.29"]
[Round "?"]
[White "Marconi, Ralph P."]
[Black "Quirk, Michael"]
[Result "1-0"]
[WhiteElo "2032"]
[BlackElo "2054"]

1. d4 Nf6 2. c4 g6 3. Nf3 Bg7 4. g3 O-O 5. Bg2 d6 6. O-O Nc6 7. Nc3 a6 8. 
Re1 Re8 9. d5 Na5 10. Qd3 c5 11. e4 e5 12. Rb1 Rb8 13. b4 cxb4 14. Rxb4 
Nd7 15. Be3 Nc5 16. Bxc5 dxc5 17. Rb2 b6 18. Reb1 Re7 19. Qe2 Qd6 20. Nd2 
Reb7 21. Nb3 Nxb3 22. Rxb3 Bd7 23. a4 f6 24. h4 Bf8 25. h5 Be7 26. Bf3 Bd8
27. Bg4 f5 28. Bh3 Qf6 29. R3b2 Bc8 30. Re1 Bc7 31. Rd1 Bd6 32. Rdb1 Qg5 
33. Kg2 Kg7 34. hxg6 hxg6 35. Rb3 Kf8 36. Qf3 Kg8 37. a5 Rh7 38. Rxb6 Rxb6
39. axb6 Qh6 40. g4 f4 41. Ne2 Qg5 42. Ng1 Kf8 43. Kf1 Qh6 44. Qa3 Qh4 45.
 Rb2 Qd8 46. Bg2 Qg5 47. f3 Qh4 48. Nh3 Qe7 49. Nf2 Kg8 50. Kg1 Qh4 51. 
Nd3 Qe7 52. Nc1 Qd8 53. Qa5 Qh4 54. Kf1 Qe7 55. Nb3 Rf7 56. Qa4 Qf8 57. 
Na5 Bd7 58. Qa3 Kg7 59. b7 Qd8 60. Nb3 Rf8 61. Qxa6 Qe7 62. Na5 Bb8 63. 
Rb6 Rf6 64. Rxf6 Qxf6 65. Qxf6+ Kxf6 66. Nb3 1-0

[Event "CCLA Championship, S71089"]
[Site "CCLA"]
[Date "2017.04.29"]
[Round "?"]
[White "Weiner, Jerry"]
[Black "Ziemak, Ken"]
[Result "1-0"]
[WhiteElo "2248"]
[BlackElo "2303"]

1. e4 e6 2. d4 d5 3. Nc3 Bb4 4. e5 c5 5. a3 Bxc3+ 6. bxc3 Qa5 7. Bd2 Qa4 
8. Qb1 c4 9. Be2 Ne7 10. Bg4 O-O 11. Ne2 b6 12. Nf4 Nbc6 13. O-O Bb7 14. 
Re1 Rae8 15. Qc1 Kh8 16. Re3 Ng8 17. Rh3 Nce7 18. Nh5 Qd7 19. Bf4 Bc8 20. 
Nf6 1-0